000 00419nam a2200169Ia 4500
008 230711s9999||||xx |||||||||||||| ||und||
020 _a978-93-86418-89-0
041 _aENG
082 _a664
_bSR-F
100 _aSrilakshmi,B
245 0 _aFood Science
250 _a7th Ed.
260 _c2018
_aNew Delhi
_bNew Age International Publishers
300 _a494p.
650 _aFood Science and Technology
942 _cBK
999 _c7410
_d7410